| 000 | 01229cam a2200325 a 4500 | ||
|---|---|---|---|
| 001 | 4522727 | ||
| 003 | EG-ScBUE | ||
| 005 | 20220126143539.0 | ||
| 008 | 990607s2003 enk f 000 1 eng d | ||
| 020 | _a0586404520 | ||
| 020 | _a9780586204528 | ||
| 040 |
_aDLC _beng _erda _cDLC _dDLC _dEG-ScBUE |
||
| 082 | 0 | 4 |
_a823.914 _222 _bHIL |
| 100 | 1 |
_aHill, Reginald, _eauthor. |
|
| 245 | 1 | 0 |
_aUnder world : _ba Dalziel and Pascoe novel / _cReginald Hill. |
| 264 | 1 |
_aLondon : _bHarper, _c2003. |
|
| 300 | 4 |
_a424 pages ; _c18 cm |
|
| 336 |
_2rdacontent _atext _btxt |
||
| 337 |
_2rdamedia _aunmediated _bn |
||
| 338 |
_2rdacarrier _avolume _bnc |
||
| 600 | 1 | 7 |
_aDalziel, Andrew _c(Fictitious character) _vFiction. _2BUEsh |
| 600 | 1 | 7 |
_aPascoe, Peter _c(Fictitious character) _vFiction. _2BUEsh |
| 651 | 7 |
_aPolice _zEngland _zYorkshire _vFiction. _2BUEsh |
|
| 653 |
_bHHUUEENN _cJanuary2021 |
||
| 655 |
_vReading book _934232 |
||
| 856 | 4 | 1 | _uhttp://www.loc.gov/catdir/samples/random051/99035873.html |
| 856 | 4 | 2 | _uhttp://www.loc.gov/catdir/description/random051/99035873.html |
| 942 |
_2ddc _cBB |
||
| 999 |
_c10794 _d10794 |
||